000 01221njm a2200313Ia 4500
001 A3727
003 IT-RoPAU
005 20220918181142.0
008 131025s9999 xx 000 0 und d
040 _aIT-RoPAU
040 _cIT-RoPAU
041 _aITALIANO
999 _c101348
_d101348
999 _bn.d.
100 _aCento Giosy
_91580
100 _eAutore musica
_928079
100 _gCodice autore musica SPICS: 10822
_91582
245 _aE' nato il re povero
250 _a1a ed.
260 _aROMA
260 _bEP - MUSICALI E DISCOGRAFICHE
_c1991 [1a Ed.:1991 - Ed. Lingua Orig.: 1991]
300 _aMUSICASSETTA
300 _c34 minuti (Testo: 0 pag.)
500 _aMusica religiosa. Canzoni di Natale. Cantautore di Dio
505 _aGrazie, notte di Natale - Nasce Gesù - Solo tu sei risposta - Tu sei la primavera - Canta, figlia di Sion - Gloria al Signore - Povero e bambino - Natale di allora - Stella amica - Natale e la nebbia scompare
650 _aCANTI DI NATALE [CASSETTE]
_eCodice MATERIA SPICS: 9951
_914118
700 _aCento Giosy
_eAutore testo e musica
_gCodice autore testo/musica SPICS: 10822
_928080
700 _aCento Giosy
_gCodice interprete SPICS: 10822
_eInterprete
_928081
942 _cMC
_2ddc